[Event "CYCC U14"]
[Site "Vancouver CAN"]
[Date "2012.07.04"]
[Round "4"]
[White "Rathburn, Hector"]
[Black "Rahemtulla, Adam"]
[Result "1-0"]
[WhiteElo "1671"]
[BlackElo "1332"]
[PlyCount "117"]
[GameId "2160767909508885"]
[EventDate "2012.07.03"]
[EventType "swiss"]
[EventRounds "7"]
[EventCountry "CAN"]
[SourceTitle "EXT 2022"]
[Source "ChessBase"]
[SourceDate "2021.10.06"]
[SourceVersion "1"]
[SourceVersionDate "2021.10.06"]
[SourceQuality "1"]

1. e4 e5 2. Nf3 Nc6 3. Bb5 a6 4. Ba4 Nf6 5. O-O Be7 6. Re1 b5 7. Bb3 d6 8. c3 O-O 9. h3 Na5 10. Bc2 c5 11. d4 Qc7 12. Nbd2 Bb7 13. d5 Rac8 14. b3 Rfe8 15. Nf1 Ba8 16. Ng3 Nb7 17. Bg5 h6 18. Be3 Nh7 19. Nf5 Qd8 20. Nh2 Bg5 21. Bxg5 Nxg5 22. h4 Nh7 23. Qg4 Qf6 24. Re3 Kh8 25. Rf3 Rg8 26. Qg3 Qd8 27. Ng4 Nf6 28. Nfxh6 gxh6 29. Rxf6 Qxf6 30. Nxf6 Rxg3 31. fxg3 Kg7 32. Rf1 a5 33. g4 b4 34. Nh5+ Kf8 35. c4 Ke7 36. Ng7 Rh8 37. Bd1 Nd8 38. Nf5+ Kd7 39. g5 hxg5 40. hxg5 Rg8 41. Nh6 Rg7 42. Bg4+ Ke8 43. Bh5 Rxg5 44. Bxf7+ Nxf7 45. Nxf7 Rg6 46. Rf5 Bb7 47. Nxd6+ Rxd6 48. Rxe5+ Kf7 49. Rf5+ Rf6 50. Rh5 Rg6 51. e5 Kf8 52. Kf2 Kg7 53. Rf5 Bc8 54. e6 Rf6 55. Rxf6 Kxf6 56. Ke3 Bb7 57. Kf4 Bc8 58. g4 Ke7 59. Ke5 1-0

[Event "CYCC U14"]
[Site "Vancouver CAN"]
[Date "2012.07.04"]
[Round "4"]
[White "Thanabalachandran, Kajan"]
[Black "Jensen, Jacob"]
[Result "1-0"]
[WhiteElo "1509"]
[BlackElo "1639"]
[PlyCount "155"]
[GameId "2160767909508886"]
[EventDate "2012.07.03"]
[EventType "swiss"]
[EventRounds "7"]
[EventCountry "CAN"]
[SourceTitle "EXT 2022"]
[Source "ChessBase"]
[SourceDate "2021.10.06"]
[SourceVersion "1"]
[SourceVersionDate "2021.10.06"]
[SourceQuality "1"]

1. e4 c5 2. Nf3 d6 3. d4 cxd4 4. Nxd4 Nf6 5. Nc3 a6 6. f3 e6 7. Be3 Nbd7 8. Qd2 Qc7 9. Be2 Be7 10. O-O-O b5 11. a3 Bb7 12. Ndxb5 axb5 13. Nxb5 Qc6 14. Nxd6+ Bxd6 15. Qxd6 Rc8 16. Qxc6 Bxc6 17. Ba6 Ra8 18. Bc4 O-O 19. Rd2 Rfc8 20. Bb3 Rab8 21. Kb1 Bb5 22. Rhd1 Ne5 23. Bf4 Nfd7 24. Bg3 Rb7 25. Bxe5 h6 26. Bg3 Nc5 27. Ba2 Na4 28. Rd8+ Rxd8 29. Rxd8+ Kh7 30. Kc1 Bf1 31. Rd4 Ra7 32. Rd2 Rb7 33. c4 Nc5 34. b4 Nd3+ 35. Kc2 Ra7 36. Kb3 Nc1+ 37. Kb2 Nd3+ 38. Rxd3 Bxd3 39. Bf2 Rc7 40. g3 Kg6 41. e5 Kf5 42. Kc3 Be2 43. Bb1+ Kxe5 44. Bd4+ Kd6 45. c5+ Kc6 46. Be4+ Kb5 47. Bxg7 f5 48. Be5 fxe4 49. Bxc7 exf3 50. Kd2 Ka4 51. Bf4 Kxa3 52. Bxh6 Kxb4 53. Be3 e5 54. h4 Bc4 55. g4 Kb5 56. h5 Be6 57. h6 Bg8 58. Ke1 Bh7 59. Kf2 Be4 60. Kg3 Kc6 61. Kh4 Kd7 62. Kh5 Ke7 63. g5 Kf7 64. c6 Bxc6 65. g6+ Kg8 66. h7+ Kg7 67. Bh6+ Kh8 68. Bg5 Kg7 69. Bf6+ Kxf6 70. h8=Q+ Kf5 71. Qc8+ Kf4 72. Qxc6 f2 73. Qg2 Ke3 74. g7 Ke2 75. g8=Q Ke1 76. Q8g3 e4 77. Q3xf2+ Kd1 78. Qd2# 1-0

[Event "CYCC U14"]
[Site "Vancouver CAN"]
[Date "2012.07.04"]
[Round "4"]
[White "Wang, Richard"]
[Black "Kong, Dezheng"]
[Result "1-0"]
[WhiteElo "2427"]
[BlackElo "2068"]
[PlyCount "101"]
[GameId "2160767909508887"]
[EventDate "2012.07.03"]
[EventType "swiss"]
[EventRounds "7"]
[EventCountry "CAN"]
[SourceTitle "EXT 2022"]
[Source "ChessBase"]
[SourceDate "2021.10.06"]
[SourceVersion "1"]
[SourceVersionDate "2021.10.06"]
[SourceQuality "1"]

1. d4 Nf6 2. c4 g6 3. Nc3 Bg7 4. e4 d6 5. h3 O-O 6. Nf3 c5 7. d5 e6 8. Bd3 exd5 9. cxd5 a6 10. a4 Re8 11. O-O Qc7 12. Bf4 Nbd7 13. Re1 Nh5 14. Bh2 Ne5 15. Be2 Nxf3+ 16. Bxf3 Nf6 17. e5 dxe5 18. d6 Qb6 19. Bxe5 Be6 20. a5 Qa7 21. Na4 Rad8 22. Qc2 Nd7 23. Bxg7 Kxg7 24. Rac1 c4 25. Qc3+ Kg8 26. Qb4 Rb8 27. Nb6 Nxb6 28. axb6 Qa8 29. Be2 a5 30. Qa4 Red8 31. Red1 Qa6 32. Bxc4 Bxc4 33. Rxc4 Qxb6 34. Qa3 Rd7 35. Rc5 Rbd8 36. Rcd5 h5 37. R1d2 f6 38. Qd3 Kf7 39. Qc4 Kf8 40. Qf4 Kg7 41. Qe4 Rf8 42. Qe6 Rfd8 43. Kh2 Qc6 44. h4 Qb6 45. f4 f5 46. R2d3 Qb4 47. Rg3 Qd2 48. Rxg6+ Kh7 49. Rh6+ Kg7 50. Qf6+ Kg8 51. Rh8# 1-0

[Event "CYCC U14"]
[Site "Vancouver CAN"]
[Date "2012.07.04"]
[Round "4"]
[White "Washimkar, Atharva"]
[Black "Shi, Diwen"]
[Result "0-1"]
[WhiteElo "1417"]
[BlackElo "1803"]
[PlyCount "62"]
[GameId "2160767909508888"]
[EventDate "2012.07.03"]
[EventType "swiss"]
[EventRounds "7"]
[EventCountry "CAN"]
[SourceTitle "EXT 2022"]
[Source "ChessBase"]
[SourceDate "2021.10.06"]
[SourceVersion "1"]
[SourceVersionDate "2021.10.06"]
[SourceQuality "1"]

1. e4 c5 2. Nf3 d6 3. d4 cxd4 4. Nxd4 Nf6 5. Nc3 g6 6. Be3 Bg7 7. f3 O-O 8. Bc4 Nc6 9. Qd2 Bd7 10. O-O-O Rc8 11. Bb3 Ne5 12. Kb1 Re8 13. g4 b5 14. h4 a5 15. h5 a4 16. Bd5 b4 17. hxg6 bxc3 18. Qh2 hxg6 19. Bh6 Qb6 20. b3 Nexg4 21. fxg4 Nxg4 22. Qf4 e6 23. Rdf1 Nxh6 24. Rxh6 Rf8 25. Ne2 exd5 26. Rfh1 f6 27. Qh4 axb3 28. axb3 Kf7 29. Rxg6 Rh8 30. Rxg7+ Kxg7 31. Rg1+ Qxg1+ 0-1

[Event "CYCC U14"]
[Site "Vancouver CAN"]
[Date "2012.07.04"]
[Round "4"]
[White "Zhang, Yutong"]
[Black "Cui, Karl"]
[Result "0-1"]
[WhiteElo "1843"]
[BlackElo "1307"]
[PlyCount "94"]
[GameId "2160767909508889"]
[EventDate "2012.07.03"]
[EventType "swiss"]
[EventRounds "7"]
[EventCountry "CAN"]
[SourceTitle "EXT 2022"]
[Source "ChessBase"]
[SourceDate "2021.10.06"]
[SourceVersion "1"]
[SourceVersionDate "2021.10.06"]
[SourceQuality "1"]

1. e4 c6 2. d4 d5 3. e5 Bf5 4. Nf3 e6 5. Be2 Nd7 6. O-O c5 7. c3 Ne7 8. Nbd2 Qc7 9. Re1 h6 10. Nf1 Nc6 11. Ng3 Bh7 12. Bd3 Bxd3 13. Qxd3 cxd4 14. cxd4 Nb4 15. Qc3 Qxc3 16. bxc3 Nc2 17. Rb1 Nxe1 18. Nxe1 Nb6 19. Nc2 Be7 20. Ba3 Kd7 21. Bc5 Rhb8 22. Bxe7 Kxe7 23. Na3 Rc8 24. Ne2 Rc6 25. Nb5 Nc4 26. g3 a6 27. Nd6 Nxd6 28. exd6+ Kxd6 29. Rxb7 Rc7 30. Rb6+ Kd7 31. Kg2 Raa7 32. Kf3 Rcb7 33. Rb3 a5 34. Ke3 Rxb3 35. axb3 f6 36. Kd3 g5 37. Kc2 Kd6 38. f3 e5 39. Kd3 Rb7 40. Kc2 e4 41. fxe4 dxe4 42. g4 e3 43. Ng3 Kd5 44. h3 Rb8 45. Kd3 Rxb3 46. Kxe3 Rxc3+ 47. Kf2 Rxg3 0-1

[Event "CYCC U14"]
[Site "Vancouver CAN"]
[Date "2012.07.04"]
[Round "5"]
[White "Hewson, Andrew"]
[Black "Rahemtulla, Adam"]
[Result "0-1"]
[WhiteElo "870"]
[BlackElo "1332"]
[PlyCount "112"]
[GameId "2160767909508890"]
[EventDate "2012.07.03"]
[EventType "swiss"]
[EventRounds "7"]
[EventCountry "CAN"]
[SourceTitle "EXT 2022"]
[Source "ChessBase"]
[SourceDate "2021.10.06"]
[SourceVersion "1"]
[SourceVersionDate "2021.10.06"]
[SourceQuality "1"]

1. e3 d5 2. c4 c6 3. cxd5 cxd5 4. Qa4+ Nc6 5. Nc3 Nf6 6. b3 Bf5 7. Bb5 Qc7 8. d4 e6 9. a3 Bd6 10. f3 Ke7 11. e4 dxe4 12. fxe4 Bxe4 13. Nf3 Bxf3 14. gxf3 a6 15. Bxc6 Qxc6 16. Qxc6 bxc6 17. Bg5 Rab8 18. b4 h6 19. Bxf6+ Kxf6 20. Ne4+ Ke7 21. Rc1 Kd7 22. O-O Rb6 23. Kh1 Bf4 24. Rc4 Kc7 25. a4 Rd8 26. a5 Rb7 27. Rd1 Rd5 28. Nc3 Rh5 29. Ne2 Rxh2+ 30. Kg1 Rxe2 31. d5 Be3+ 32. Kf1 Rf2+ 33. Ke1 exd5 34. Rc3 Ba7 35. Rxd5 Rxb4 36. Rc1 Be3 37. Rc3 Rb1+ 38. Rd1 Rxd1+ 39. Kxd1 Rd2+ 40. Ke1 Bg5 41. Rc4 Rd5 42. f4 Bf6 43. Ke2 Rxa5 44. Ke3 Rb5 45. Re4 Rb3+ 46. Kf2 Kd7 47. Re3 Rxe3 48. Kxe3 a5 49. f5 a4 50. Kf4 a3 51. Kg4 Be5 52. Kh5 g6+ 53. Kh4 gxf5 54. Kh5 a2 55. Kh4 a1=Q 56. Kh5 Qh1# 0-1

[Event "CYCC U14"]
[Site "Vancouver CAN"]
[Date "2012.07.04"]
[Round "5"]
[White "Hunter, Harold"]
[Black "MacIvor, Mac"]
[Result "1-0"]
[WhiteElo "1154"]
[BlackElo "870"]
[PlyCount "181"]
[GameId "2160767909508891"]
[EventDate "2012.07.03"]
[EventType "swiss"]
[EventRounds "7"]
[EventCountry "CAN"]
[SourceTitle "EXT 2022"]
[Source "ChessBase"]
[SourceDate "2021.10.06"]
[SourceVersion "1"]
[SourceVersionDate "2021.10.06"]
[SourceQuality "1"]

1. d4 d5 2. Nc3 e6 3. a3 Nc6 4. Nf3 Nf6 5. Bg5 h6 6. Bf4 Bd6 7. Bxd6 cxd6 8. e3 e5 9. Bb5 exd4 10. exd4 Qe7+ 11. Qe2 Qxe2+ 12. Nxe2 Bd7 13. b4 Nb8 14. a4 Bxb5 15. axb5 a6 16. O-O O-O 17. Nd2 Re8 18. Rfe1 Nh5 19. Nf3 Rc8 20. c3 Nd7 21. Nd2 Ndf6 22. f3 g5 23. g4 Nf4 24. Nxf4 gxf4 25. h4 axb5 26. Rxa8 Rxa8 27. Kh1 Ra2 28. Nb1 Rf2 29. g5 hxg5 30. hxg5 Nh5 31. Kg1 Rxf3 32. Kg2 Rg3+ 33. Kf2 f6 34. gxf6 Nxf6 35. Nd2 Ng4+ 36. Kf1 Nh2+ 37. Kf2 Ng4+ 38. Kf1 Ne3+ 39. Ke2 Rg2+ 40. Kd3 Rf2 41. Rg1+ Kf7 42. Re1 b6 43. Rg1 Ng2 44. Rf1 Rxf1 45. Nxf1 f3 46. Nh2 f2 47. Ke2 f1=Q+ 48. Kxf1 Ne3+ 49. Ke2 Nc4 50. Kd3 Ke7 51. Nf3 Kd7 52. Nd2 Nb2+ 53. Kc2 Na4 54. Kb3 Kc6 55. Nf3 Nc5+ 56. dxc5 bxc5 57. Nd2 d4 58. cxd4 cxd4 59. Nf3 Kd5 60. Nd2 Ke5 61. Kc2 Kf4 62. Kd3 Ke5 63. Nf3+ Kd5 64. Nxd4 Ke5 65. Nxb5 Kd5 66. Kc3 Kc6 67. Nd4+ Kd5 68. b5 Kc5 69. Kd3 d5 70. Kc3 Kb6 71. Kb4 Kc7 72. Kc5 Kb7 73. Kxd5 Kb6 74. Kc4 Ka5 75. Nc6+ Kb6 76. Ne5 Ka5 77. Kc5 Ka4 78. Nc4 Kb3 79. b6 Kc3 80. b7 Kd3 81. b8=Q Ke4 82. Qe5+ Kd3 83. Qd4+ Ke2 84. Qe3+ Kf1 85. Nd2+ Kg2 86. Qf3+ Kg1 87. Qf1+ Kh2 88. Qf2+ Kh3 89. Qg1 Kh4 90. Nf3+ Kh5 91. Qg5# 1-0

[Event "CYCC U14"]
[Site "Vancouver CAN"]
[Date "2012.07.04"]
[Round "5"]
[White "Jensen, Jacob"]
[Black "Huneault, Nicholas"]
[Result "1-0"]
[WhiteElo "1639"]
[BlackElo "1164"]
[PlyCount "53"]
[GameId "2160767909508892"]
[EventDate "2012.07.03"]
[EventType "swiss"]
[EventRounds "7"]
[EventCountry "CAN"]
[SourceTitle "EXT 2022"]
[Source "ChessBase"]
[SourceDate "2021.10.06"]
[SourceVersion "1"]
[SourceVersionDate "2021.10.06"]
[SourceQuality "1"]

1. e4 d5 2. exd5 Qxd5 3. Nc3 Qa5 4. Nf3 Bf5 5. Bc4 Nf6 6. d3 e6 7. Bd2 Bb4 8. a3 Bxc3 9. Bxc3 Qb6 10. Qe2 c6 11. Nd4 c5 12. Nxf5 Nbd7 13. Nxg7+ Kf8 14. Nh5 e5 15. O-O-O Nxh5 16. Qxh5 Qf6 17. Rde1 Re8 18. Rhf1 Qg6 19. Qxg6 hxg6 20. f4 Rh5 21. g4 Rxh2 22. fxe5 a6 23. Rxf7+ Kg8 24. Rf2+ Kg7 25. e6+ Kh7 26. Rxh2+ Kg8 27. e7# 1-0

[Event "CYCC U14"]
[Site "Vancouver CAN"]
[Date "2012.07.04"]
[Round "5"]
[White "Li, Yinshi"]
[Black "Wang, Richard"]
[Result "1/2-1/2"]
[WhiteElo "1857"]
[BlackElo "2427"]
[PlyCount "59"]
[GameId "2160767909508893"]
[EventDate "2012.07.03"]
[EventType "swiss"]
[EventRounds "7"]
[EventCountry "CAN"]
[SourceTitle "EXT 2022"]
[Source "ChessBase"]
[SourceDate "2021.10.06"]
[SourceVersion "1"]
[SourceVersionDate "2021.10.06"]
[SourceQuality "1"]

1. d4 d5 2. c4 c6 3. Nc3 Nf6 4. Bg5 dxc4 5. a4 Qa5 6. Nf3 Bf5 7. Bxf6 gxf6 8. e3 Qb4 9. Qd2 e6 10. Be2 Nd7 11. O-O Be7 12. e4 Bg6 13. Qe3 f5 14. Nd2 b5 15. axb5 cxb5 16. b3 f4 17. Qf3 cxb3 18. Nxb5 O-O 19. Nxb3 Nf6 20. Na5 Bxe4 21. Qxf4 Rac8 22. Qe3 a6 23. Na7 Rc7 24. Qg3+ Ng4 25. Qxc7 Bd6 26. Qc1 Bxh2+ 27. Kh1 Qe7 28. Bxg4 Qh4 29. Bh3 Qxh3 30. Qg5+ 1/2-1/2

[Event "CYCC U14"]
[Site "Vancouver CAN"]
[Date "2012.07.04"]
[Round "5"]
[White "Raymond, Alex"]
[Black "Boucher, Maxime"]
[Result "1-0"]
[WhiteElo "921"]
[BlackElo "1166"]
[PlyCount "87"]
[GameId "2160767909508894"]
[EventDate "2012.07.03"]
[EventType "swiss"]
[EventRounds "7"]
[EventCountry "CAN"]
[SourceTitle "EXT 2022"]
[Source "ChessBase"]
[SourceDate "2021.10.06"]
[SourceVersion "1"]
[SourceVersionDate "2021.10.06"]
[SourceQuality "1"]

1. e4 e5 2. Qh5 Nf6 3. Qxe5+ Be7 4. Nc3 Nc6 5. Qg5 Nxe4 6. Qxg7 Bf6 7. Qg4 Nxc3 8. dxc3 d6 9. Qe2+ Be6 10. g3 Na5 11. Bg2 O-O 12. Nf3 Re8 13. Be3 Nc4 14. O-O Nxe3 15. fxe3 Bg4 16. h3 Bxf3 17. Qxf3 Bg5 18. Qg4 Kh8 19. Qd4+ f6 20. Rae1 Re7 21. b4 Qe8 22. e4 c6 23. h4 Bh6 24. Qxf6+ Bg7 25. Qxd6 Rd8 26. Qf4 Rf7 27. Qxf7 Bxc3 28. Qxe8+ Rxe8 29. Re3 Bd4 30. Rfe1 Bxe3+ 31. Rxe3 Rf8 32. e5 Re8 33. b5 cxb5 34. Bxb7 Re7 35. Bd5 a5 36. e6 Kg8 37. Rf3 Kg7 38. c4 bxc4 39. Bxc4 Kh6 40. Kg2 Kh5 41. Rf7 Re8 42. e7 Kg4 43. Rf4+ Kh5 44. Bf7+ 1-0

[Event "CYCC U14"]
[Site "Vancouver CAN"]
[Date "2012.07.05"]
[Round "5"]
[White "Balachandran, Shesan"]
[Black "Zhang, Yutong"]
[Result "0-1"]
[WhiteElo "1018"]
[BlackElo "1843"]
[PlyCount "90"]
[GameId "2160767909508895"]
[EventDate "2012.07.03"]
[EventType "swiss"]
[EventRounds "7"]
[EventCountry "CAN"]
[SourceTitle "EXT 2022"]
[Source "ChessBase"]
[SourceDate "2021.10.06"]
[SourceVersion "1"]
[SourceVersionDate "2021.10.06"]
[SourceQuality "1"]

1. c4 c5 2. Nc3 Nc6 3. e3 e6 4. b3 Nf6 5. Bd3 Be7 6. Nge2 O-O 7. Ng3 d5 8. Bb2 b6 9. a3 Bb7 10. Bc2 Ne5 11. Nh5 dxc4 12. Nxf6+ Bxf6 13. O-O cxb3 14. Bxb3 Nd3 15. Rb1 Nxb2 16. Rxb2 Bxc3 17. dxc3 Qxd1 18. Rxd1 Rad8 19. Rxd8 Rxd8 20. h3 g6 21. Bc2 Rd2 22. Ra2 Bd5 23. Bb3 Rxa2 24. Bxa2 Bxa2 25. Kf1 Kg7 26. Ke2 Bc4+ 27. Ke1 Kf6 28. g4 Ke5 29. f3 h6 30. Kf2 f5 31. gxf5 exf5 32. Kg3 g5 33. h4 a6 34. hxg5 hxg5 35. f4+ gxf4+ 36. exf4+ Ke4 37. a4 Kd3 38. Kh4 Kxc3 39. Kg5 Be6 40. Kf6 Bc8 41. Ke7 Kb4 42. Kd8 Be6 43. Kc7 Kxa4 44. Kxb6 c4 45. Kxa6 c3 0-1

[Event "CYCC U14"]
[Site "Vancouver CAN"]
[Date "2012.07.05"]
[Round "5"]
[White "Cui, Karl"]
[Black "Rathburn, Hector"]
[Result "1-0"]
[WhiteElo "1307"]
[BlackElo "1671"]
[PlyCount "58"]
[GameId "2160767909508896"]
[EventDate "2012.07.03"]
[EventType "swiss"]
[EventRounds "7"]
[EventCountry "CAN"]
[SourceTitle "EXT 2022"]
[Source "ChessBase"]
[SourceDate "2021.10.06"]
[SourceVersion "1"]
[SourceVersionDate "2021.10.06"]
[SourceQuality "1"]

1. d4 Nf6 2. c4 e6 3. Nc3 Bb4 4. Bg5 h6 5. Bxf6 Qxf6 6. Nf3 c5 7. e3 Nc6 8. Qd2 O-O 9. a3 Bxc3 10. bxc3 d5 11. cxd5 exd5 12. dxc5 Bf5 13. Nd4 Rac8 14. Nxf5 Qxf5 15. Bd3 Qg4 16. O-O Na5 17. Be2 Qf5 18. Rab1 Rxc5 19. Rfd1 Rfc8 20. h3 R8c7 21. Bg4 Qg6 22. Qd4 Nc4 23. Rxb7 Qc6 24. Rb8+ Kh7 25. Bf5+ Qg6 26. Bxg6+ fxg6 27. e4 Nb6 28. exd5 Nxd5 29. Qxd5 Rxd5 1-0

[Event "CYCC U14"]
[Site "Vancouver CAN"]
[Date "2012.07.05"]
[Round "5"]
[White "Herdin, Matthew"]
[Black "Doknjas, John"]
[Result "0-1"]
[WhiteElo "1923"]
[BlackElo "1990"]
[PlyCount "52"]
[GameId "2160767909508897"]
[EventDate "2012.07.03"]
[EventType "swiss"]
[EventRounds "7"]
[EventCountry "CAN"]
[SourceTitle "EXT 2022"]
[Source "ChessBase"]
[SourceDate "2021.10.06"]
[SourceVersion "1"]
[SourceVersionDate "2021.10.06"]
[SourceQuality "1"]

1. e4 c5 2. Nf3 d6 3. d4 cxd4 4. Nxd4 Nf6 5. Nc3 a6 6. Bg5 e6 7. Qf3 h6 8. Bxf6 Qxf6 9. Qxf6 gxf6 10. Be2 h5 11. O-O-O h4 12. g3 b5 13. a3 Bb7 14. Rhe1 Nd7 15. f4 hxg3 16. hxg3 Nc5 17. b4 Nd7 18. f5 Ke7 19. fxe6 fxe6 20. Bg4 Bh6+ 21. Kb2 Nf8 22. Rh1 Bg7 23. Rxh8 Bxh8 24. Rh1 Bg7 25. Nd5+ Bxd5 26. exd5 f5 0-1

[Event "CYCC U14"]
[Site "Vancouver CAN"]
[Date "2012.07.05"]
[Round "5"]
[White "Kuehfuss, Noah"]
[Black "Kuttner, Simon"]
[Result "0-1"]
[WhiteElo "1033"]
[BlackElo "1777"]
[PlyCount "86"]
[GameId "2160767909508898"]
[EventDate "2012.07.03"]
[EventType "swiss"]
[EventRounds "7"]
[EventCountry "CAN"]
[SourceTitle "EXT 2022"]
[Source "ChessBase"]
[SourceDate "2021.10.06"]
[SourceVersion "1"]
[SourceVersionDate "2021.10.06"]
[SourceQuality "1"]

1. e4 c5 2. Nf3 Nc6 3. Bc4 g6 4. d3 Bg7 5. c3 d6 6. h3 Nf6 7. Bg5 O-O 8. O-O a6 9. d4 cxd4 10. cxd4 Nxe4 11. Nc3 Nxg5 12. Nxg5 Nxd4 13. Nf3 Nc6 14. Qe1 e6 15. Rd1 d5 16. Bb3 Qc7 17. Bc2 Bd7 18. b3 Nb4 19. Bd3 Qxc3 20. Qxc3 Bxc3 21. Be2 Nxa2 22. Ng5 f6 23. Nf3 Bc6 24. Nd4 Bxd4 25. Rxd4 e5 26. Rd2 Nc3 27. Rc2 Nxe2+ 28. Rxe2 Bb5 29. Rd2 Bxf1 30. Kxf1 Rfd8 31. Rd1 Rac8 32. b4 Rc6 33. Rb1 Rb6 34. b5 Rxb5 35. Rxb5 axb5 36. Ke1 Rc8 37. g4 b4 38. Kd2 b3 39. Ke3 b2 40. Kf3 b1=Q 41. Kg3 Rc3+ 42. Kh4 g5+ 43. Kh5 Rxh3# 0-1

[Event "CYCC U14"]
[Site "Vancouver CAN"]
[Date "2012.07.05"]
[Round "5"]
[White "Plotkin, Mark"]
[Black "Kong, Dezheng"]
[Result "0-1"]
[WhiteElo "1976"]
[BlackElo "2068"]
[PlyCount "120"]
[GameId "2160767909508899"]
[EventDate "2012.07.03"]
[EventType "swiss"]
[EventRounds "7"]
[EventCountry "CAN"]
[SourceTitle "EXT 2022"]
[Source "ChessBase"]
[SourceDate "2021.10.06"]
[SourceVersion "1"]
[SourceVersionDate "2021.10.06"]
[SourceQuality "1"]

1. e4 c5 2. Nf3 d6 3. d4 cxd4 4. Nxd4 Nf6 5. Nc3 a6 6. Qf3 e6 7. Bg5 h6 8. Bxf6 Qxf6 9. Qxf6 gxf6 10. O-O-O Be7 11. g3 Bd7 12. Bg2 Nc6 13. f4 Nxd4 14. Rxd4 Bc6 15. Re1 f5 16. Rd2 fxe4 17. Nxe4 O-O-O 18. Bh3 Kb8 19. Kb1 Rhe8 20. c3 e5 21. fxe5 dxe5 22. Rxd8+ Rxd8 23. Kc2 h5 24. Bf5 Kc7 25. Nf2 Bg5 26. Nd3 f6 27. Rd1 b6 28. Nf2 Rh8 29. Ne4 Bxe4+ 30. Bxe4 h4 31. g4 h3 32. Bf5 Bf4 33. Rd3 e4 34. Bxe4 Bxh2 35. g5 Be5 36. gxf6 Bxf6 37. Rf3 Rh6 38. Rf2 h2 39. Bh1 b5 40. Kb3 Kb6 41. a4 Bd8 42. axb5 axb5 43. Rd2 Bc7 44. Rd3 Rg6 45. c4 Rg1 46. Bf3 Rg3 47. c5+ Ka7 48. Kb4 Rxf3 49. Rxf3 h1=Q 50. Ra3+ Kb7 51. Kxb5 Qf1+ 52. Kb4 Qe1+ 53. Kb3 Qe3+ 54. Kc4 Qe4+ 55. Kb3 Qd5+ 56. Kb4 Qd4+ 57. Kb3 Qxc5 58. Ra4 Qd5+ 59. Kc2 Be5 60. Ra3 Qg2+ 0-1

[Event "CYCC U14"]
[Site "Vancouver CAN"]
[Date "2012.07.05"]
[Round "5"]
[White "Shi, Diwen"]
[Black "Thanabalachandran, Kajan"]
[Result "1-0"]
[WhiteElo "1803"]
[BlackElo "1509"]
[PlyCount "71"]
[GameId "2160767909508900"]
[EventDate "2012.07.03"]
[EventType "swiss"]
[EventRounds "7"]
[EventCountry "CAN"]
[SourceTitle "EXT 2022"]
[Source "ChessBase"]
[SourceDate "2021.10.06"]
[SourceVersion "1"]
[SourceVersionDate "2021.10.06"]
[SourceQuality "1"]

1. e4 c5 2. Nc3 Nc6 3. f4 d6 4. Nf3 g6 5. Bc4 Bg7 6. O-O Bg4 7. Bxf7+ Kf8 8. Bxg8 Rxg8 9. h3 Bd7 10. d3 Bf6 11. Nd5 Bg7 12. c3 e6 13. Ne3 Bf6 14. Bd2 Kg7 15. Ng4 Rf8 16. e5 Be7 17. exd6 Bxd6 18. Nge5 Nxe5 19. fxe5 Bc7 20. Qb3 Bb6 21. Qc4 Qc7 22. Qh4 Qd8 23. Bg5 Qe8 24. Bh6+ Kg8 25. Bxf8 Qxf8 26. Ng5 Qg7 27. Rf7 Qxf7 28. Nxf7 Kxf7 29. Qxh7+ Ke8 30. Qh8+ Ke7 31. Qf6+ Ke8 32. Rf1 c4+ 33. d4 Bc8 34. Qf8+ Kd7 35. Qd6+ Ke8 36. Rf8# 1-0

[Event "CYCC U14"]
[Site "Vancouver CAN"]
[Date "2012.07.05"]
[Round "5"]
[White "Sun, Ziyao"]
[Black "Washimkar, Atharva"]
[Result "1-0"]
[WhiteElo "1251"]
[BlackElo "1417"]
[PlyCount "135"]
[GameId "2160767909508901"]
[EventDate "2012.07.03"]
[EventType "swiss"]
[EventRounds "7"]
[EventCountry "CAN"]
[SourceTitle "EXT 2022"]
[Source "ChessBase"]
[SourceDate "2021.10.06"]
[SourceVersion "1"]
[SourceVersionDate "2021.10.06"]
[SourceQuality "1"]

1. d4 Nf6 2. Nc3 g6 3. e4 d6 4. Nf3 Bg7 5. Bd3 O-O 6. O-O e5 7. dxe5 dxe5 8. Bg5 Nc6 9. Qd2 Re8 10. Bh6 Bg4 11. Bxg7 Bxf3 12. Bxf6 Qxf6 13. gxf3 Qxf3 14. Qe3 Nd4 15. Qxf3 Nxf3+ 16. Kh1 c6 17. Ne2 Rad8 18. Kg2 Nd4 19. Nxd4 Rxd4 20. Rad1 Red8 21. Be2 Rd2 22. Rxd2 Rxd2 23. Bd3 c5 24. b3 b5 25. Kf3 c4 26. Ke3 c3 27. a4 bxa4 28. bxa4 Kg7 29. a5 Kh6 30. Rb1 f5 31. exf5 gxf5 32. Bxf5 Rd5 33. a6 Ra5 34. Bc8 Kg5 35. Rb3 Rc5 36. Rb8 Rd5 37. Bb7 Rd2 38. Be4 Rd6 39. Bd3 Rc6 40. Rb5 Kf6 41. f4 e4 42. Bxe4 Rxa6 43. Bxh7 Ra1 44. Rb3 Rh1 45. Rxc3 Rxh2 46. Bg8 a5 47. f5 a4 48. Be6 Ke5 49. Kd3 a3 50. Kc4 a2 51. Ra3 Rxc2+ 52. Kb3 Rh2 53. Rxa2 Rh3+ 54. Kc4 Rh4+ 55. Kc5 Rh1 56. Kc6 Rc1+ 57. Kd7 Kf6 58. Ke8 Rc7 59. Rh2 Rb7 60. Rh6+ Kg7 61. Rg6+ Kh8 62. f6 Kh7 63. Rg1 Rb8+ 64. Ke7 Rb7+ 65. Bd7 Rb6 66. f7 Ra6 67. f8=R Rh6 68. Bf5+ 1-0

[Event "CYCC U14"]
[Site "Vancouver CAN"]
[Date "2012.07.05"]
[Round "6"]
[White "Boucher, Maxime"]
[Black "Hewson, Scott"]
[Result "1-0"]
[WhiteElo "1166"]
[BlackElo "825"]
[PlyCount "37"]
[GameId "2160767909508902"]
[EventDate "2012.07.03"]
[EventType "swiss"]
[EventRounds "7"]
[EventCountry "CAN"]
[SourceTitle "EXT 2022"]
[Source "ChessBase"]
[SourceDate "2021.10.06"]
[SourceVersion "1"]
[SourceVersionDate "2021.10.06"]
[SourceQuality "1"]

1. e4 Nf6 2. e5 Ne4 3. Nh3 e6 4. Nc3 Qh4 5. g3 Qh6 6. Nxe4 f6 7. exf6 gxf6 8. d4 f5 9. Bxh6 fxe4 10. Bxf8 Kxf8 11. Bg2 e3 12. fxe3 Rg8 13. O-O+ Ke8 14. Qf3 c6 15. Qf7+ Kd8 16. Qxg8+ Kc7 17. Ng5 a6 18. Nf7 h5 19. Qd8# 1-0

[Event "CYCC U14"]
[Site "Vancouver CAN"]
[Date "2012.07.05"]
[Round "6"]
[White "Doknjas, John"]
[Black "Jensen, Jacob"]
[Result "1-0"]
[WhiteElo "1990"]
[BlackElo "1639"]
[PlyCount "127"]
[GameId "2160767909508903"]
[EventDate "2012.07.03"]
[EventType "swiss"]
[EventRounds "7"]
[EventCountry "CAN"]
[SourceTitle "EXT 2022"]
[Source "ChessBase"]
[SourceDate "2021.10.06"]
[SourceVersion "1"]
[SourceVersionDate "2021.10.06"]
[SourceQuality "1"]

1. d4 Nf6 2. c4 e6 3. Nc3 Bb4 4. a3 Bxc3+ 5. bxc3 b6 6. f3 Bb7 7. e4 Qe7 8. Bd3 c5 9. Ne2 Nc6 10. O-O O-O 11. e5 Ne8 12. f4 f5 13. Be3 Na5 14. dxc5 bxc5 15. Qa4 Nc6 16. Qb5 d6 17. exd6 Nxd6 18. Bxc5 Rfd8 19. Qb1 Ba6 20. Nd4 Qd7 21. Bxd6 Qxd6 22. c5 Bxd3 23. cxd6 Bxb1 24. Nxc6 Rxd6 25. Ne5 Be4 26. Rfd1 Rad8 27. Rxd6 Rxd6 28. Ra2 Rd8 29. c4 Rc8 30. Rd2 Kf8 31. Rd7 Bc2 32. Rf7+ Kg8 33. Rxa7 Bb3 34. c5 Bd5 35. Ra5 Kf8 36. c6 Bxc6 37. Rc5 Bb7 38. Rxc8+ Bxc8 39. Kf2 Ke7 40. Ke3 Kd6 41. Kd4 Bb7 42. g3 Bd5 43. a4 h6 44. h4 h5 45. a5 Ba2 46. Nf7+ Ke7 47. Ng5 Kd6 48. a6 Bd5 49. a7 Ba8 50. Nh3 Bd5 51. Nf2 Ba8 52. Nd3 Bd5 53. Nb2 Kc7 54. Ke5 Kb7 55. Nd3 Kxa7 56. Nc5 Kb6 57. Nxe6 Kc6 58. Nxg7 Kd7 59. Kxf5 Bf3 60. Kg5 Ke7 61. Nxh5 Kf7 62. g4 Kg8 63. f5 Bd5 64. Nf6+ 1-0